| 000 | 01166cam a22002655a 4500 | ||
|---|---|---|---|
| 001 | L127318 | ||
| 008 | 040910s2003 xxkd f h 001 0 eng d | ||
| 020 | _a1903287316 | ||
| 035 | _a(Sirsi) u127318 | ||
| 041 | 0 | _aeng | |
| 050 | 0 | 4 | _a697 $2 18 |
| 110 | 2 |
_aChartered Institution of Building Services Engineers _92360 |
|
| 245 | 0 | 0 |
_aFire Engineering _bCIBSE Guide E |
| 250 | _a2nd ed. | ||
| 260 |
_aLondon _bCIBSE _c2003 |
||
| 300 |
_a170p. _bill. _c31cm. |
||
| 350 | _a92 | ||
| 490 | 0 |
_aCIBSE Guide _vE |
|
| 505 | 2 | _aLegislation, standards and strategy -- Building designation -- Means of escape and human factors -- Compartmentation and spread of flame -- Alarm, detection and emergency lighting -- Fire and smoke ventilation -- Fire suppression -- Firefighting -- Fire safety management -- Fire safety on construction sites | |
| 520 | _aThis edition has been fully updated version of the first edition. It has two completely new sections dealing with firefighting and fire safety management. | ||
| 520 | _aSupersedes first edition (ISBN 0900953780) | ||
| 651 | 4 |
_aUnited Kingdom _y |
|
| 690 | _aMANAGEMENT-HEALTH AND SAFETY-FIRE SAFETY | ||
| 942 | _n0 | ||
| 999 |
_c103728 _d103728 |
||